[Event "Asia-ch U20 Girls"]
[Site "Waskaduwa"]
[Date "2021.12.19"]
[Round "5"]
[White "Weerathunga, W Gimashi Dewlini"]
[Black "Tharushi, THD Niklesha"]
[Result "0-1"]
[WhiteElo "1218"]
[BlackElo "1711"]
[PlyCount "93"]
[EventDate "2021.12.17"]
[EventType "swiss"]
[EventRounds "9"]
[EventCountry "SRI"]
[SourceTitle "CBM 206 Extra"]
[Source "ChessBase"]
[SourceDate "2022.03.31"]
[SourceVersion "1"]
[SourceVersionDate "2022.03.31"]
[SourceQuality "1"]

1. d4 Nf6 2. Bf4 e6 3. e3 b6 4. Qf3 Nc6 5. Nc3 Bb7 6. Bd3 Bb4 7. Nge2 Na5 8. e4 c5 9. dxc5 bxc5 10. a3 Bxc3+ 11. Nxc3 c4 12. Be2 d5 13. exd5 exd5 14. Qe3+ Qe7 15. Qxe7+ Kxe7 16. Rd1 Rac8 17. Bf3 Rhd8 18. Be3 Ra8 19. Bc5+ Ke6 20. 0-0 Ne4 21. Rfe1 f5 22. Nb5 Rdc8 23. Bxa7 Bc6 24. Nd4+ Ke5 25. Bb6 Ra6 26. Bxa5 Rxa5 27. h3 c3 28. Nb3 Ra7 29. bxc3 Rxa3 30. Bxe4 dxe4 31. Rd2 Ba4 32. Ra1 Rxa1+ 33. Nxa1 Rxc3 34. Kf1 Ra3 35. Rd1 Ra2 36. Rc1 Kd4 37. c4 Kc5 38. Ke1 f4 39. g3 fxg3 40. fxg3 Rh2 41. h4 Rh1+ 42. Kd2 e3+ 43. Ke2 Rxc1 44. Kxe3 Rxa1 45. Kd3 Ra3+ 46. Kd2 Rxg3 47. Kc1 0-1

[Event "Nugegoda SRI GP (Women) 2nd"]
[Site "Nugegoda"]
[Date "2021.02.21"]
[Round "10"]
[White "Mendis, Dasuni Hansika"]
[Black "Weerathunga, W Gimashi Dewlini"]
[Result "1-0"]
[WhiteElo "1677"]
[BlackElo "1160"]
[PlyCount "115"]
[EventDate "2021.02.13"]
[EventType "tourn"]
[EventRounds "11"]
[EventCountry "SRI"]
[SourceTitle "EXT 2022"]
[Source "ChessBase"]
[SourceDate "2021.10.06"]
[SourceVersion "1"]
[SourceVersionDate "2021.10.06"]
[SourceQuality "1"]

1. e4 c5 2. Nc3 Nc6 3. f4 g6 4. Nf3 Bg7 5. Bb5 Nd4 6. 0-0 a6 7. Be2 d6 8. d3 e5 9. Nxd4 cxd4 10. Nb1 Nf6 11. Nd2 Qc7 12. Nf3 0-0 13. Bd2 Bg4 14. h3 Bxf3 15. Bxf3 Nd7 16. Rc1 f5 17. exf5 Rf7 18. f6 Rxf6 19. Be4 exf4 20. g4 Rff8 21. g5 Bf6 22. Bxf4 Be5 23. Qd2 Nb6 24. Bg2 d5 25. Bxe5 Qxe5 26. Rce1 Qg3 27. Qb4 Rae8 28. Rxe8 Rxe8 29. Qxb6 Qxg5 30. Qxd4 Re5 31. Qf4 Rf5 32. Qxg5 Rxg5 33. Kh2 Kg7 34. Re1 Kf6 35. Re8 b5 36. Ra8 Kf5 37. Rxa6 Kf4 38. Rd6 d4 39. Rxd4+ Ke3 40. Rd5 Rf5 41. Rd7 h5 42. Re7+ Kf2 43. Be4 Rg5 44. Rf7+ Ke2 45. Rf6 h4 46. Rxg6 Rc5 47. Rg2+ Kd1 48. d4 Rc4 49. c3 b4 50. Rc2 Ke1 51. Kg2 Kd1 52. Kf3 bxc3 53. bxc3 Ra4 54. Ke3 Ra3 55. Kd3 Ra4 56. Bf3+ Ke1 57. Ke3 Kf1 58. Rc1# 1-0

[Event "Nugegoda SRI GP (Women) 2nd"]
[Site "Nugegoda"]
[Date "2021.02.20"]
[Round "9"]
[White "Weerathunga, W Gimashi Dewlini"]
[Black "Abeywardana, NT."]
[Result "0-1"]
[WhiteElo "1160"]
[BlackElo "1655"]
[PlyCount "84"]
[EventDate "2021.02.13"]
[EventType "tourn"]
[EventRounds "11"]
[EventCountry "SRI"]
[SourceTitle "EXT 2022"]
[Source "ChessBase"]
[SourceDate "2021.10.06"]
[SourceVersion "1"]
[SourceVersionDate "2021.10.06"]
[SourceQuality "1"]

1. d4 Nf6 2. Bf4 e6 3. e3 d5 4. Nf3 c5 5. c3 Nc6 6. Nbd2 cxd4 7. exd4 Nh5 8. Bg3 Nxg3 9. hxg3 g6 10. Bd3 Bg7 11. Qe2 0-0 12. Ne5 Nxe5 13. dxe5 Rb8 14. f4 Bd7 15. g4 b5 16. Nf3 Qc7 17. Ng5 h6 18. Nf3 b4 19. c4 dxc4 20. Bxc4 Rfc8 21. Rc1 b3 22. a3 Bb5 23. Nd2 Rb6 24. Rc3 Qb7 25. g5 h5 26. Rhh3 Rd8 27. Bxb5 Rxb5 28. Rxb3 Rxd2 29. Qxb5 Qxg2 30. Rhf3 Rc2 31. Qd3 Rc1+ 32. Qd1 Qg1+ 33. Rf1 Rxd1+ 34. Kxd1 Qxf1+ 35. Kc2 Qxf4 36. Rb8+ Bf8 37. Rb5 Bc5 38. Rb8+ Kg7 39. Rb3 h4 40. Rc3 Bd4 41. Rc4 Qf2+ 42. Kb1 Qxb2# 0-1

[Event "Nugegoda SRI GP (Women) 2nd"]
[Site "Nugegoda"]
[Date "2021.02.14"]
[Round "4"]
[White "Gunawardhana, Devindya Oshini"]
[Black "Weerathunga, W Gimashi Dewlini"]
[Result "1-0"]
[WhiteElo "1290"]
[BlackElo "1160"]
[PlyCount "73"]
[EventDate "2021.02.13"]
[EventType "tourn"]
[EventRounds "11"]
[EventCountry "SRI"]
[SourceTitle "EXT 2022"]
[Source "ChessBase"]
[SourceDate "2021.10.06"]
[SourceVersion "1"]
[SourceVersionDate "2021.10.06"]
[SourceQuality "1"]

1. e4 c5 2. Nf3 g6 3. d4 cxd4 4. Nxd4 d6 5. Nc3 Nf6 6. f4 Nc6 7. Bb5 Bd7 8. 0-0 e6 9. Kh1 Bg7 10. Bxc6 Bxc6 11. Nxc6 bxc6 12. f5 0-0 13. Bg5 Qc7 14. Bxf6 Bxf6 15. Qg4 Rae8 16. Ne2 Kh8 17. Rae1 Rg8 18. Qf3 d5 19. fxe6 Rxe6 20. Nf4 Re5 21. Nxd5 cxd5 22. Qxf6+ Rg7 23. exd5 Rxe1 24. Rxe1 h5 25. d6 Qc6 26. Qe7 f5 27. Qe8+ Qxe8 28. Rxe8+ Kh7 29. Re7 Rxe7 30. dxe7 Kg8 31. e8Q+ Kg7 32. Qe7+ Kg8 33. c4 Kh8 34. c5 Kg8 35. c6 Kh8 36. c7 Kg8 37. c8Q# 1-0

[Event "Nugegoda SRI GP (Women) 2nd"]
[Site "Nugegoda"]
[Date "2021.02.13"]
[Round "2"]
[White "Weerathunga, W Gimashi Dewlini"]
[Black "Tharushi, THD Niklesha"]
[Result "0-1"]
[WhiteElo "1160"]
[BlackElo "1712"]
[PlyCount "86"]
[EventDate "2021.02.13"]
[EventType "tourn"]
[EventRounds "11"]
[EventCountry "SRI"]
[SourceTitle "EXT 2022"]
[Source "ChessBase"]
[SourceDate "2021.10.06"]
[SourceVersion "1"]
[SourceVersionDate "2021.10.06"]
[SourceQuality "1"]

1. d4 Nf6 2. Bf4 e6 3. e3 b6 4. Nf3 Bb7 5. Nbd2 d6 6. Bd3 Nbd7 7. c3 Be7 8. Qe2 Nh5 9. Bg3 f5 10. Bc4 d5 11. Bd3 0-0 12. Ne5 Ndf6 13. f4 g6 14. Bf2 Ne4 15. Rg1 Kh8 16. Ndf3 c5 17. g4 Nhf6 18. h3 c4 19. Bc2 b5 20. h4 b4 21. gxf5 exf5 22. Ng5 Nxg5 23. hxg5 Nd7 24. Nxg6+ hxg6 25. Rh1+ Kg7 26. Bg3 Qa5 27. Rh6 bxc3 28. b3 cxb3 29. Qh2 Rh8 30. Kf2 bxc2 31. Rh1 Rhg8 32. Rxg6+ Kf7 33. Qh7+ Ke8 34. Qxg8+ Nf8 35. Rh7 Qa3 36. Re6 c1Q 37. Qf7+ Kd8 38. Qxe7+ Qxe7 39. Rhxe7 Nxe6 40. Rxe6 Qd2+ 41. Kf1 c2 42. Kg1 c1Q+ 43. Be1 Qcxe1# 0-1